La Quintrala

Uloženo v:
Podrobná bibliografie
Hlavní autor: Petit, Magdalena (Autor)
Médium: Kniha
Jazyk:španělština
Vydáno: Santiago Zig-Zag 1995
Vydání:25a. ed
Edice:Colección Viento Joven
Narrativa Latinoamericana
Témata:
Tagy: Přidat tag
Žádné tagy, Buďte první, kdo vytvoří štítek k tomuto záznamu!

MARC

LEADER 00000nam a2200000 a 4500
001 UCH4206
003 CL-VaPUC
008 090818e19950000CL |||||||||||||||||spa|d
020 |a 9561211122 
082 0 4 |a Ch863  |b PET  |2 21 
100 |a Petit, Magdalena   |e author  |9 345741 
245 1 3 |a La Quintrala 
250 |a 25a. ed 
300 |a 159 p 
942 |c BK 
945 |d 20090818 00:00:00  |a ccalabra 
260 |a Santiago  |b Zig-Zag  |c 1995 
650 0 |a Literatura chilena   |9 308278 
650 0 |a Literatura latina   |9 258055 
650 0 |a Ficción   |9 376687 
650 0 |a Novelas chilenas   |9 265425 
650 0 |a Escritores chilenos   |9 420370 
650 0 |a Costumbres y tradiciones   |9 268292 
651 7 |a CHILE  |2 CL-VaPUC  |9 539696 
583 |a last modification  |c 20090818 00:00:00  |k Rodrigo Vera 
490 0 |a Colección Viento Joven 
490 0 |a Narrativa Latinoamericana 
999 |c 335542  |d 335540